LEADER 03060nam 2200697 a 450 001 9910451120503321 005 20200520144314.0 010 $a1-280-22405-3 010 $a9786610224050 010 $a0-203-41285-0 035 $a(CKB)1000000000254914 035 $a(EBL)199897 035 $a(OCoLC)437059861 035 $a(SSID)ssj0000190964 035 $a(PQKBManifestationID)11190025 035 $a(PQKBTitleCode)TC0000190964 035 $a(PQKBWorkID)10183339 035 $a(PQKB)11531497 035 $a(MiAaPQ)EBC199897 035 $a(Au-PeEL)EBL199897 035 $a(CaPaEBR)ebr10162925 035 $a(CaONFJC)MIL22405 035 $a(EXLCZ)991000000000254914 100 $a20040602d2005 uy 0 101 0 $aeng 135 $aur|n|---||||| 181 $ctxt 182 $cc 183 $acr 200 14$aThe legacy of Soviet dissent$b[electronic resource] $edissidents, democratisation and radical nationalism in Russia /$fRobert Horvath 210 $aLondon ;$aNew York $cRoutledgeCurzon$d2005 215 $a1 online resource (272 p.) 225 1 $aEast European studies ;$v17 225 1 $aRussian and East European studies 300 $aDescription based upon print version of record. 311 $a0-415-64968-4 311 $a0-415-33320-2 320 $aIncludes bibliographical references (p. [280]-287) and index. 327 $aBook Cover; Half-Title; Title; Copyright; Contents; Acknowledgements; Introduction; 1 Children of Terror; 2 'Honest and Total Glasnost'; 3 The Rights-Defenders; 4 The Invention of Russophobia; 5 The Politics of Russophobia; Conclusion; Notes; Bibliography; Index 330 $aDuring the 1970s, dissidents like Sakharov and Solzhenitsyn dominated Western perceptions of the USSR, but were then quickly forgotten, as Gorbachev's reformers monopolised the spotlight. This book restores the dissidents to their rightful place in Russian history. Using a vast array of samizdat and published sources, it shows how ideas formulated in the dissident milieu clashed with the original programme of perestroika, and shaped the course of democratisation in post-Soviet Russia. Some of these ideas - such the dissidents' preoccupation with glasnost and legality, and their critique of 410 0$aBASEES/RoutledgeCurzon series on Russian and East European studies ;$v17. 410 0$aRussian and East European studies. 606 $aPolitical culture$zSoviet Union 606 $aDissenters$zSoviet Union 606 $aGlasnost 607 $aSoviet Union$xPolitics and government$y1985-1991 607 $aRussia (Federation)$xPolitics and government$y1991- 608 $aElectronic books. 615 0$aPolitical culture 615 0$aDissenters 615 0$aGlasnost. 676 $a947.085/4 686 $a15.70$2bcl 700 $aHorvath$b Robert$f1966-$0847905 801 0$bMiAaPQ 801 1$bMiAaPQ 801 2$bMiAaPQ 906 $aBOOK 912 $a9910451120503321 996 $aThe legacy of Soviet dissent$92008706 997 $aUNINA LEADER 05613nam 2200733Ia 450 001 9910139586703321 005 20170814171504.0 010 $a1-119-20048-2 010 $a1-118-13464-8 010 $a1-283-27384-5 010 $a9786613273840 010 $a1-118-13462-1 035 $a(CKB)2550000000054507 035 $a(EBL)697577 035 $a(OCoLC)759966566 035 $a(SSID)ssj0000537275 035 $a(PQKBManifestationID)11342076 035 $a(PQKBTitleCode)TC0000537275 035 $a(PQKBWorkID)10554138 035 $a(PQKB)10907596 035 $a(CaSebORM)9780470645994 035 $a(MiAaPQ)EBC697577 035 $a(EXLCZ)992550000000054507 100 $a20110425d2011 uy 0 101 0 $aeng 135 $aur|n|---||||| 181 $ctxt 182 $cc 183 $acr 200 14$aThe greatest trades of all time$b[electronic resource] $etop traders making big profits from the Crash of 1929 to today /$fVincent W. Veneziani 205 $a1st edition 210 $aHoboken, N.J. $cJohn Wiley & Sons$dc2011 215 $a1 online resource (188 p.) 225 1 $aWiley trading ;$v483 300 $aDescription based upon print version of record. 311 $a0-470-64599-7 320 $aIncludes bibliographical references and index. 327 $aThe GreatestTrades ofAll Time; Contents; Acknowledgments; About the Author; Introduction; CHAPTER 1 J. Kyle Bass: Timing Is Everything; The Back Story; A Few Definitions; Bass Asks Why; Learning from the Past; Shorting Subprime Loans; The Best Position; The Effects of Abuse; Who Was Watching?; Re-creating Bass's Trading Strategies; Bass's Top Traits; CHAPTER 2 James Chanos: The Real King of Enron; Enter Enron; Really Looking at Enron; The Best Position; Recreating Chanos's Trading Strategies; A More Recent Example; Chanos's Top Traits 327 $aCHAPTER 3 Paul Tudor Jones II: Legendary Global Macro TraderFollowing a Genius; The Path of Greatness; Starting Out; Knowing All the Markets; Global Macro Trading; Elliot Wave Theory; More Keys to Jones's Success; Success beyond Trading; Recreating Jones's Trading Strategies; Jones's Top Traits; CHAPTER 4 John Templeton: Legendary Mutual Fund Manager; What Made Templeton Famous; Templeton's Life before Investing; Educational Aspirations; The Married Life; Templeton's Big Move; Back to New York; Looking to the Future, and the Templeton Growth Fund; Templeton's Second Marriage and Fund 327 $aThe BahamasRecreating Templeton's Trading Strategies; Templeton's Top Traits; CHAPTER 5 Jesse Livermore: Legendary Speculator; Livermore's History; At Home in New York; Fame and Fortune; The Panic of 1907; The Crash of 1929; Livermore's Tragic End; An Example of Livermore's Influence Today; Recreating Livermore's Trading Strategies; Livermore's Top Traits; CHAPTER 6 John Paulson: The Greatest Trade of All Time; Paulson's Early Career; Paulson & Co.; The Greatest Trade; Recreating Paulson's Trading Strategies; Paulson's Top Traits; CHAPTER 7 George Soros: From Humble Beginnings to World Trader 327 $aSoros's Famous TradesThe Hardships of a Trading Genius; Going to School in London; Work in New York; Joining the Big Leagues; Finding Himself; Crashing from Success; A New Prote?ge?; Onto the World Stage; The Backlash; A Conflicted Mind; A New Era; Recreating Soros's Trading Strategies; Soros's Top Traits; CHAPTER 8 David Einhorn: A Company's Worst Nightmare; Allied Is Not an Ally; Lucky Lehman; The Great Beyond; Recreating Einhorn's Trading Strategies; Einhorn's Top Traits; CHAPTER 9 Martin Schwartz: From Amateur to Superstar; Start Small, Go Big; Trading Like a Rock Star; Winding Down 327 $aRecreating Schwartz's Trading StrategiesSchwartz's Top Traits; CHAPTER 10 John Arnold: Master of Energy; Success at Enron; Centaurus Energy; The Explosion; Recreating Arnold's Trading Strategies; Crude Oil; Natural Gas; Arnold's Top Traits; CHAPTER 11 More Great Trades: Phillip Falcone, David Tepper, Andrew Hall, Greg Lippmann; Phillip Falcone; Recreating Falcone's Trading Strategies; David Tepper; Recreating Tepper's Trading Strategies; Andrew Hall; Recreating Hall's Trading Strategies; Greg Lippmann; Recreating Lippmann's Trading Strategies; In Summary; Notes; Glossary; References 327 $aHelpful Web Sites 330 $aHow top traders made huge profits during the most momentous market events of the past century Financial and commodity markets are characterized by periodic crashes and upside explosions. In retrospect, the reasons behind these abrupt movements often seem very clear, but generally few people understand what's happening at the time. Top traders and investors like George Soros or Jesse Livermore have stood apart from the crowd and capitalized on their unique insights to capture huge profits. Engaging and informative, The Greatest Trades of All Time chronicles how a select few traders a 410 0$aWiley trading ;$v483. 606 $aSpeculation$xHistory 606 $aStocks$xHistory 606 $aStockholders$xHistory 606 $aBusiness cycles$xHistory 615 0$aSpeculation$xHistory. 615 0$aStocks$xHistory. 615 0$aStockholders$xHistory. 615 0$aBusiness cycles$xHistory. 676 $a332.63/2280973 676 $a332.633280922 686 $aBUS036000$2bisacsh 700 $aVeneziani$b Vincent W.$f1986-$0885514 801 0$bMiAaPQ 801 1$bMiAaPQ 801 2$bMiAaPQ 906 $aBOOK 912 $a9910139586703321 996 $aThe greatest trades of all time$91977293 997 $aUNINA